000 00469nmm a2200157Ia 4500
008 251105s9999||||xx |||||||||||||||||und||
020 _a9788431533861
041 _aspa
100 _aFenerezza, Bruno
245 0 _aMi... Chinchilla
264 _a[Madrid, España] :
_bDe Vecchi,
_c[Fecha de publicación no identificada]
300 _a0 páginas
650 _aBiology and natural sciences
856 _uhttps://public.digitaliapublishing.com/a/121535
942 _cCF
999 _c81362
_d81362